2025 MLB Opening Day Lineups - Statistics

General Stats
  • This quiz has been taken 55 times
  • The average score is 210 of 421
Answer Stats
Hint Players % Correct
SS Bo Bichette
82%
1B Vladimir Guerrero Jr.
82%
C Bo Naylor
79%
3B Jose Ramirez
79%
1B Josh Naylor
79%
2B Ketel Marte
79%
RF Mike Trout
79%
DH Shohei Ohtani
79%
DH Starling Marte
79%
RF Aaron Judge
76%
SS Francisco Lindor
76%
1B Freddie Freeman
76%
LF George Springer
76%
CF Julio Rodriguez
76%
P Kevin Gausman
76%
1B Matt Olson
76%
SS Mookie Betts
76%
P Tarik Skubal
76%
RF Teoscar Hernandez
76%
RF Adolis Garcia
74%
C Alejandro Kirk
74%
RF Anthony Santander
74%
SS Bobby Witt Jr.
74%
P Eduardo Rodriguez
74%
SS Elly De La Cruz
74%
3B Eugenio Suarez
74%
P Hunter Greene
74%
LF Kike Hernandez
74%
2B Luis Garcia Jr.
74%
DH Marcell Ozuna
74%
P Martin Perez
74%
P Max Fried
74%
2B Ozzie Albies
74%
1B Paul Goldschmidt
74%
P Reese Olson
74%
LF Riley Greene
74%
C Salvador Perez
74%
LF Steven Kwan
74%
CF Wenceel Perez
74%
C Will Smith
74%
DH Yordan Alvarez
74%
C Adley Rutschman
71%
3B Austin Riley
71%
C Austin Wells
71%
DH Brent Rooker
71%
1B Bryce Harper
71%
RF Cam Smith
71%
P Chris Sale
71%
1B Christian Walker
71%
C Elias Diaz
71%
RF Fernando Tatis Jr.
71%
RF Jordan Walker
71%
LF Jose Altuve
71%
P Jose Berrios
71%
DH Josh Bell
71%
C J.T. Realmuto
71%
RF Juan Soto
71%
1B Nathaniel Lowe
71%
2B Otto Lopez
71%
P Pablo Lopez
71%
P Paul Skenes
71%
1B Pete Alonso
71%
P Reynaldo Lopez
71%
P Shane Smith
71%
P Taijuan Walker
71%
SS Trea Turner
71%
C Yainer Diaz
71%
DH Yandy Diaz
71%
P Yoshinobu Yamamoto
71%
P Zack Wheeler
71%
P Aaron Nola
68%
3B Alex Bregman
68%
SS Anthony Volpe
68%
2B Brandon Lowe
68%
CF Brandon Marsh
68%
LF Brandon Nimmo
68%
2B Bryson Stott
68%
CF Cody Bellinger
68%
RF Corbin Carroll
68%
P Garrett Crochet
68%
2B Gleyber Torres
68%
LF Jarren Duran
68%
SS Javier Baez
68%
RF Josh Lowe
68%
SS J.P. Crawford
68%
DH Kyle Schwarber
68%
RF Lawrence Butler
68%
3B Mark Vientos
68%
2B | 3B Max Muncy
68%
CF Michael Harris II
68%
RF Nick Castellanos
68%
CF Oneil Cruz
68%
DH Rafael Devers
68%
DH Spencer Torkelson
68%
P Tyler Glasnow
68%
C William Contreras
68%
1B Willson Contreras
68%
P Zac Gallen
68%
2B Andres Gimenez
65%
P Blake Snell
65%
P Bryan Woo
65%
SS Carlos Correa
65%
P Carlos Rodon
65%
CF Cedric Mullins
65%
P Clay Holmes
65%
P Cole Ragans
65%
P Cristopher Sanchez
65%
P Dustin May
65%
P Framber Valdez
65%
P Grant Holmes
65%
RF Jackson Chourio
65%
LF James Wood
65%
2B Jazz Chisholm Jr.
65%
SS Jeremy Pena
65%
P Justin Verlander
65%
RF Kyle Tucker
65%
P Luis Severino
65%
2B Marcus Semien
65%
3B Matt Chapman
65%
P Seth Lugo
65%
SS Xavier Edwards
65%
3B Alec Bohm
62%
P Ben Brown
62%
CF Byron Buxton
62%
C Cal Raleigh
62%
LF Christian Yelich
62%
C Connor Wong
62%
P Corbin Burnes
62%
SS Corey Seager
62%
SS Dansby Swanson
62%
P Hunter Brown
62%
LF Ian Happ
62%
SS Jackson Holliday
62%
P Justin Steele
62%
2B Luisangel Acuna
62%
SS Masyn Winn
62%
3B Oswaldo Cabrera
62%
P Roki Sasaki
62%
1B Ryan Mountcastle
62%
DH Seiya Suzuki
62%
P Shota Imanaga
62%
P Tanner Houck
62%
SS Trevor Story
62%
SS Willy Adames
62%
RF Wilyer Abreu
62%
DH Andrew McCutchen
59%
CF Andy Pages
59%
2B Brice Turang
59%
3B Gavin Lux
59%
3B Isaac Paredes
59%
P Jacob DeGrom
59%
1B Jake Burger
59%
3B Jonathan India
59%
C Keibert Ruiz
59%
CF Lane Thomas
59%
P Logan Webb
59%
P Luis Castillo
59%
3B Manny Machado
59%
LF Max Kepler
59%
P Michael Wacha
59%
SS Orlando Arcia
59%
CF Pete Crow-Armstrong
59%
P Sandy Alcantara
59%
LF Taylor Ward
59%
P Yusei Kikuchi
59%
2B Brendan Donovan
56%
RF Bryan Reynolds
56%
SS CJ Abrams
56%
RF Dylan Crews
56%
C Gabriel Moreno
56%
RF Hunter Renfroe
56%
P Jack Flaherty
56%
CF Jackson Merrill
56%
SS Jacob Wilson
56%
C Jake Rogers
56%
LF Jasson Dominguez
56%
P Jesus Luzardo
56%
3B Junior Caminero
56%
P Kodai Senga
56%
C Logan O'Hoppe
56%
CF Luis Robert Jr.
56%
P Max Scherzer
56%
LF MJ Melendez
56%
P Nathan Eovaldi
56%
3B Nolan Arenado
56%
LF Randy Arozarena
56%
P Sonny Gray
56%
2B Tommy Edman
56%
1B Triston Casas
56%
DH Vinnie Pasquantino
56%
SS Xander Bogaerts
56%
1B Andrew Vaughn
53%
CF Brenton Doyle
53%
CF Ceddanne Rafaela
53%
P Freddy Peralta
53%
SS Geraldo Perdomo
53%
CF Jake McCarthy
53%
RF Jhonkensy Noel
53%
CF JJ Bleday
53%
DH Jorge Soler
53%
3B Josh Jung
53%
CF Jung Hoo Lee
53%
1B LaMonte Wade Jr.
53%
LF Lourdes Gurriel Jr.
53%
1B Luis Arraez
53%
P MacKenzie Gore
53%
P Michael King
53%
P Miles Mikolas
53%
P Mitch Keller
53%
P Nestor Cortes
53%
C Patrick Bailey
53%
3B Ramon Urias
53%
1B Rhys Hoskins
53%
C Ryan Jeffers
53%
C Shea Langeliers
53%
P Tanner Bibee
53%
CF TJ Friedl
53%
P Tyler Anderson
53%
RF Tyler O'Neill
53%
DH Yuli Gurriel
53%
DH Ben Rice
50%
SS Brayan Rocchio
50%
P Bryce Miller
50%
1B Carlos Santana
50%
LF Colton Cowser
50%
C Danny Jansen
50%
P David Peterson
50%
P Davis Martin
50%
SS Ezequiel Tovar
50%
LF Heliot Ramos
50%
C Ivan Herrera
50%
2B Jake Cronenworth
50%
CF Jo Adell
50%
C Jonah Heim
50%
2B Jordan Westburg
50%
3B Jorge Polanco
50%
LF Jurickson Profar
50%
3B Ke'Bryan Hayes
50%
2B Kristian Campbell
50%
P Kyle Freeland
50%
P Max Meyer
50%
LF Michael A. Taylor
50%
RF Mike Yastrzemski
50%
3B Ryan McMahon
50%
P Shane Baz
50%
P Spencer Schwellenbach
50%
P Taj Bradley
50%
1B Tyler Soderstrom
50%
DH Andrew Benintendi
47%
CF Jose Siri
47%
DH Kris Bryant
47%
CF Kyle Isbel
47%
LF Lars Nootbaar
47%
P Logan Gilbert
47%
2B Matt McLain
47%
2B Michael Massey
47%
1B Michael Toglia
47%
DH Ryan O'Hearn
47%
1B Ty France
47%
CF Victor Scott II
47%
LF Wyatt Langford
47%
DH Alec Burleson
44%
LF Austin Hays
44%
P Bowden Francis
44%
P Chris Bassitt
44%
1B Christian Encarnacion-Strand
44%
1B Colt Keith
44%
C Drake Baldwin
44%
P Dylan Cease
44%
3B Ernie Clement
44%
P Gavin Williams
44%
SS Jacob Amaya
44%
CF Jake Meyers
44%
RF Jarred Kelenic
44%
DH Joc Pederson
44%
C Joey Bart
44%
SS Joey Ortiz
44%
P Luis Ortiz
44%
C Luis Torrens
44%
RF Matt Wallner
44%
P Merrill Kelly
44%
C Miguel Amaya
44%
2B Nico Hoerner
44%
RF Sal Frelick
44%
P Trevor Williams
44%
P Bailey Ober
41%
P Ben Lively
41%
P Brandon Woodruff
41%
1B Curtis Mead
41%
P German Marquez
41%
3B Gio Urshela
41%
RF Jake Fraley
41%
P Jeffrey Springs
41%
C Jose Trevino
41%
P Kyle Hendricks
41%
DH Kyle Manzardo
41%
2B Luis Rengifo
41%
3B Matt Shaw
41%
LF Miguel Andujar
41%
1B Nolan Schanuel
41%
DH Randal Grichuk
41%
SS Taylor Walls
41%
2B Tyler Fitzgerald
41%
RF Victor Robles
41%
P Walker Beuhler
41%
P Brandon Pfaadt
38%
P Casey Mize
38%
P Joe Ryan
38%
CF Leody Taveras
38%
2B Mauricio Dubon
38%
3B Miguel Vargas
38%
C Nick Fortes
38%
P Nick Martinez
38%
P Robbie Ray
38%
DH Rowdy Tellez
38%
P Sean Burke
38%
LF Tommy Pham
38%
3B Yoan Moncada
38%
P Zach Eflin
38%
P Brady Singer
35%
P Charlie Morton
35%
P Griffin Canning
35%
SS Isiah Kiner-Falefa
35%
CF Jacob Young
35%
DH Jeimer Candelario
35%
3B Jonah Bride
35%
P JP Sears
35%
P Kumar Rocker
35%
2B Lenyn Sosa
35%
P Marcus Stroman
35%
1B Michael Bush
35%
P Nick Lodolo
35%
P Nick Pivetta
35%
3B Paul DeJong
35%
P Will Warren
35%
DH Wilmer Flores
35%
P Erick Fedde
32%
2B Gabriel Arias
32%
LF Kyle Stowers
32%
P Matthew Boyd
32%
P Michael Lorenzen
32%
P Ronel Blanco
32%
P Ryan Pepiot
32%
LF Trevor Larnach
32%
2B Willi Castro
32%
LF Christopher Morel
29%
P Dean Kremer
29%
CF Derek Hill
29%
RF Griffin Conine
29%
C Jacob Stallings
29%
CF Jonny DeLuca
29%
P Spencer Arrighetti
29%
P Tylor Megill
29%
3B Andy Ibanez
26%
P Bailey Falter
26%
P Carlos Carrasco
26%
P Jack Leiter
26%
P Jake Irvin
26%
P Jameson Taillon
26%
P Jonathan Cannon
26%
P Jordan Hicks
26%
P Kris Bubic
26%
RF Manuel Margot
26%
P Osvaldo Bido
26%
P Simeon Woods Richardson
26%
3B Vinny Capra
26%
P Andrew Heaney
24%
P Antonio Senzatela
24%
LF Brandon Lockridge
24%
DH Edouard Julien
24%
3B Jose Miranda
24%
P Jose Quintana
24%
SS Kevin Newman
24%
2B Kyle Farmer
24%
P Logan Allen
24%
1B Matt Mervis
24%
P Mitchell Parker
24%
CF Nathan Lukes
24%
2B Nick Gonzales
24%
P Steven Matz
24%
P Tomoyuki Sugano
24%
P AJ Smith-Shawver
21%
P Austin Gomber
21%
P Cade Povich
21%
P Cal Quantrill
21%
P Chris Paddack
21%
P Drew Rasmussen
21%
P Jose Soriano
21%
1B Luke Raley
21%
P Michael Soroka
21%
RF Nick Martini
21%
DH Will Wagner
21%
P Aaron Civale
18%
P Andre Pallante
18%
LF Jordan Beck
18%
P Zack Littell
18%
RF Austin Slater
15%
P Emerson Hancock
15%
P Hayden Wesneski
15%
P Jackson Jobe
15%
P Kyle Harrison
15%
P Kyle Hart
15%
1B Mark Canha
15%
C Matt Thaiss
15%
P Tyler Mahle
15%
P Jack Kochanowicz
12%
P Randy Vasquez
12%
P Richard Fitts
12%
2B Ryan Bliss
12%
P Ryan Feltner
12%
P Sean Newcomb
12%
1B DJ Stewart
9%
DH Eric Wagaman
9%
P Joey Estes
9%
P Carson Spiers
6%
P Connor Gillispie
3%
DH Eric Haase
3%
P Valente Bellozo
3%
P Carmen Mlodzinski
0%
Hint Orioles
0%
No matching quizzes found
Score Distribution
Percent of People with Each Score
Percentile by Number Answered
Your Score History
You have not taken this quiz